2023-24 NAME THE NFL PLAYER BY PICTURE #5 - Statistics

General Stats
  • This quiz has been taken 187 times
  • The average score is 13 of 20
Answer Stats
Picture Answer % Correct
Brandon Aiyuk
93%
C.J. Stroud
93%
T.J. Hockenson
87%
Gabe Davis
86%
Kenneth Walker III
83%
Dameon Pierce
77%
Braxton Berrios
70%
K.J. Osborn
69%
Michael Gallup
69%
Allen Lazard
67%
Dalvin Cook
63%
Jacoby Brissett
63%
Tyler Conklin
59%
Antonio Gibson
57%
Kendrick Bourne
56%
Logan Thomas
55%
Jerome Ford
51%
Josh Reynolds
47%
Jonnu Smith
40%
Jalin Hyatt
37%
No matching quizzes found
Score Distribution
Percent of People with Each Score
Percentile by Number Answered
Your Score History
You have not taken this quiz